LEADER 01123nam a2200265 i 4500 001 000000038105 003 CaOOAMICUS 005 20081027000000.0 008 081027s1959 xx u000 u fre u 013 $a8510 040 $aSeMil$bita 100 1 $aMontherlant, Henri : de,$d<1896-1972>.$0(OLS)http://semarc/name/18266 245 10$aRomans et oeuvres de fiction non théatrales /$cMontherlant ; préface de Roger Secrétain. 260 $a[Paris] :$bGallimard,$ccopyr. 1959. 300 $aXXXIV, 1564 p. ;$c19 cm. 490 0 $aBibliothèque de la pléiade ;$v136 500 $aContiene : Notice bio-bibliographique. - Fondo Ciprandi. 700 1 $aSecrétain, Roger.$0(OLS)http://semarc/name/18267 830 0$aBibliothèque de la Pléiade ;$v136.$0(OLS)http://semarc/title/42418 850 $aSeMil 852 $aSeMil$W1$xVenegono$y1$m1W VI 218$j4260$B4260$CSeMilBibl$Z2$F4260 $81 941 1 $a1 961 $aOmaggio: Ciprandi dott. Paolo 996 $6245$aRomans et oeuvres de fiction non théatrales$9(OLS)http://semarc/title/53656 996 $6260$a[Paris] :$bGallimard$9(OLS)http://semarc/publisher/30050 LEADER 01091nam a2200241 i 4500 001 000000122763 003 CaOOAMICUS 005 20040210000000.0 008 040210s1985 it u000 u ita u 013 $a95458 040 $aSeMil$bita 100 1 $aSemenzato, Camillo,$d<1922- >.$0(OLS)http://semarc/name/17217 245 10$aSant'Antonio :$bin settecentocinquant'anni di storia dell'arte /$ctesto di. 260 $a[Italia] :$bBanca Antoniana di Padova e Trieste,$cstampa 1985. 300 $a38 p., [114] p. di tav. :$briccamente ill. ;$c37 cm. 500 $aIn custodia. - Fondo Card. Giovanni Colombo. 650 4$aAntonio : da Padova - Arte.$0(OLS)http://semarc/subject/17243 850 $aSeMil 852 $aSeMil$W1$xVenegono$y1$m3GC VIII 236$j77674$B77674$CSeMilBibl$Z2$F79719 $8B 941 1 $a3 961 $aLascito: Colombo Card. Giovanni 996 $6245$aSant'Antonio :$bin settecentocinquant'anni di storia dell'arte$9(OLS)http://semarc/title/141926 996 $6260$a[Italia] :$bBanca Antoniana di Padova e Trieste$9(OLS)http://semarc/publisher/46178